Movies Quiz

Random Movies Quiz

Real Names of Screen Legends Quiz Stats

 Plays Quiz not verified by Sporcle

Also try: Click the Flick II
Challenge
Share
Tweet
Embed
Score 0/24 Timer 06:00
0 Plays Today
Real Name Stage Name % Correct
Archibald LeachCary Grant
77.6%
Marrion MorrisonJohn Wayne
75.5%
Frances GummJudy Garland
65.3%
Norma Jean MortensenMarylyn Monroe
57.1%
Issur DanielovitchKirk Douglas
44.9%
Vivian Mary HartleyVivian Leigh
44.9%
Frederick AusterlitzFred Astaire
42.9%
Bernard ScwartzTony Curtis
36.7%
Charles BuchinskyCharles Bronson
30.6%
Roy SchererRock Hudson
16.3%
Meshilem WeisenfreundPaul Muni
12.2%
Richard JenkinsRichard Burton
10.2%
Real Name Stage Name % Correct
William BeedleWilliam Holden
10.2%
William Henry PlattBoris Karloff
10.2%
Edythe MarrennerSusan Hayward
10.2%
Julia WellsJulie Andrews
10.2%
Virginia McMathGinger Rogers
10.2%
Ruby StevensBarbara Stanwyck
10.2%
John Charles CarterCharlton Heston
8.2%
Reginald Truscott-JonesRay Milland
8.2%
Emanuel GoldenbergEdward G. Robinson
8.2%
Gladys SmithMary Pickford
8.2%
Joseph YuleMickey Rooney
8.2%
Ernest BickelFrederick March
6.1%

You're not logged in!

Compare scores with friends on all Sporcle quizzes.
OR
Log In

You Might Also Like...

Show Comments

Extras

Created Feb 27, 2011ReportNominate
Tags:legend, screen, stage

Top Quizzes Today


Score Distribution

Your Account Isn't Verified!

In order to create a playlist on Sporcle, you need to verify the email address you used during registration. Go to your Sporcle Settings to finish the process.

Report this User

Report this user for behavior that violates our Community Guidelines.

Details: